| 000 | 00000nam 2200000zi 4500 |
| 001 | 9.919035 |
| 003 | CaOODSP |
| 005 | 20240105092007 |
| 006 | m o d f |
| 007 | cr ||||||||||| |
| 008 | 230111e202303##oncb ob f000 0 fre d |
| 020 | |a9780660470405 |
| 040 | |aCaOODSP|bfre|erda|cCaOODSP |
| 043 | |an-cn-mb |
| 086 | 1 |aEn106-249/2023F-PDF |
| 245 | 00|aProjet aurifère Lynn Lake : |brapport d'évaluation environnementale. |
| 264 | 1|a[Ottawa] : |bAgence d'évaluation d'impact du Canada = Impact Assessment Agency of Canada, |cmars 2023. |
| 264 | 4|c©2023 |
| 300 | |a1 ressource en ligne (365 pages non numérotées) : |bcartes |
| 336 | |atexte|btxt|2rdacontent/fre |
| 337 | |ainformatique|bc|2rdamedia/fre |
| 338 | |aressource en ligne|bcr|2rdacarrier/fre |
| 500 | |aPublié aussi en anglais sous le titre : Lynn Lake Gold Project: environmental assessment report. |
| 504 | |aComprend des références bibliographiques. |
| 650 | 6|aMines|xIndustrie|xAspect de l'environnement|zManitoba|zLynn Lake. |
| 650 | 6|aOr|xMines et extraction|xAspect de l'environnement|zManitoba|zLynn Lake. |
| 650 | 6|aEnvironnement|xÉtudes d'impact|zManitoba|zLynn Lake. |
| 650 | 6|aEnvironnement|xEĢvaluation du risque|zManitoba|zLynn Lake. |
| 710 | 1 |aCanada. |bAgence d'évaluation d'impact du Canada, |eorganisme de publication. |
| 775 | 08|tLynn Lake Gold Project : |w(CaOODSP)9.919034 |
| 856 | 40|qPDF|s9.08 Mo|uhttps://publications.gc.ca/collections/collection_2023/aeic-iaac/En106-249-2023-fra.pdf |